000 00568nam a2200205 i 4500
001 58138
003 ES-MaACL
005 20230906163732.0
007 t|
008 031021s1958 sp ||||1| spa d
100 1 _aDu Maurier, George.
_945712
245 1 0 _aSvengali /
_cpor George Du Maurier ; [versión castellana de P. Gómez].
260 _aBarcelona :
_bG.P.,
_c[1958] (
_fGuada)
300 _a189 p. ;
_c18 cm.
490 1 _aPlaza
700 1 _aGómez, P.
_957790
830 0 _aPlaza
_9181244
852 _aES-MaACL
_jC-15262
_bR.42123
999 _c58138
_d58138